UM Logo

Economics, taxation, and agrarian reform/ (Record no. 14900)

MARC details
000 -LEADER
fixed length control field 00725nam a22002057a 4500
008 - FIXED-LENGTH DATA ELEMENTS--GENERAL INFORMATION
fixed length control field 200130b ||||| |||| 00| 0 eng d
020 ## - INTERNATIONAL STANDARD BOOK NUMBER
International Standard Book Number 9789719808763
082 ## - DEWEY DECIMAL CLASSIFICATION NUMBER
Edition number 2018
Classification number DFil 330.599
Item number M311
100 ## - MAIN ENTRY--PERSONAL NAME
Personal name Manapat, Carlos L.
9 (RLIN) 5490
245 ## - TITLE STATEMENT
Title Economics, taxation, and agrarian reform/
Statement of responsibility, etc. Carlos L. Manapat and Fernando R. Pedrosa
250 ## - EDITION STATEMENT
Edition statement 2nd ed.
260 ## - PUBLICATION, DISTRIBUTION, ETC. (IMPRINT)
Place of publication, distribution, etc. Quezon City:
Name of publisher, distributor, etc. C & E Publishing, Inc.,
Date of publication, distribution, etc. ©2018.
300 ## - PHYSICAL DESCRIPTION
Extent xi, 305 pages:
Other physical details illustrations;
Dimensions 25 cm.
500 ## - GENERAL NOTE
General note Includes glossary and index.
650 ## - SUBJECT ADDED ENTRY--TOPICAL TERM
Topical term or geographic name as entry element Taxation--Philippines.
9 (RLIN) 22197
650 ## - SUBJECT ADDED ENTRY--TOPICAL TERM
Topical term or geographic name as entry element Economics--Philippines
9 (RLIN) 41387
650 ## - SUBJECT ADDED ENTRY--TOPICAL TERM
Topical term or geographic name as entry element Land reform--Philippines
9 (RLIN) 41388
700 ## - ADDED ENTRY--PERSONAL NAME
Personal name Pedrosa, Fernando R.
Relator term Author
9 (RLIN) 5494
942 ## - ADDED ENTRY ELEMENTS (KOHA)
Source of classification or shelving scheme Dewey Decimal Classification
Koha item type Filipiniana
Holdings
Withdrawn status Lost status Source of classification or shelving scheme Damaged status Not for loan Collection code Home library Current library Shelving location Date acquired Source of acquisition Total Checkouts Full call number Barcode Date last seen Date last checked out Copy number Cost, replacement price Price effective from Koha item type
    Dewey Decimal Classification     Filipiniana UM Digos College - LIC UM Digos College - LIC Book Cart 08/08/2019 Purchase 2 DFil 330.599 M311 2018 25773 05/15/2025 08/24/2022 1 498.00 01/30/2020 Filipiniana
    Dewey Decimal Classification     Filipiniana UM Digos College - LIC UM Digos College - LIC   08/08/2019 Purchase   DFil 330.599 M311 2018 25774 05/15/2025   2 498.00 01/30/2020 Filipiniana